Presupuestos : (Registro nro. 230)
[ vista simple ]
| 000 -LEADER | |
|---|---|
| fixed length control field | 01709nam a2200277Ia 4500 |
| 003 - CONTROL NUMBER IDENTIFIER | |
| control field | PE SENCICO BE |
| 005 - DATE AND TIME OF LATEST TRANSACTION | |
| control field | 20251020182430.0 |
| 008 - FIXED-LENGTH DATA ELEMENTS--GENERAL INFORMATION | |
| fixed length control field | 200515s9999 xx 000 0 und d |
| 020 ## - INTERNATIONAL STANDARD BOOK NUMBER | |
| International Standard Book Number | 958-600-447-3 |
| 040 ## - CATALOGING SOURCE | |
| Original cataloging agency | PE SENCICO BE |
| Transcribing agency | PE SENCICO BE |
| 041 ## - LANGUAGE CODE | |
| Language code of text/sound track or separate title | spa |
| 082 ## - DEWEY DECIMAL CLASSIFICATION NUMBER | |
| Classification number | 658.154 |
| Item number | B94 1995 |
| 100 1# - MAIN ENTRY--PERSONAL NAME | |
| Personal name | Burbano Ruíz, Jorge E. |
| 9 (RLIN) | 2545 |
| Relator term | autor |
| 245 10 - TITLE STATEMENT | |
| Title | Presupuestos : |
| Remainder of title | enfoque moderno de planeación y control de recursos / |
| Statement of responsibility, etc. | Jorge E. Burbano Ruiz, Alberto Ortiz Gómez |
| 250 ## - EDITION STATEMENT | |
| Edition statement | 2a ed. |
| 260 ## - PUBLICATION, DISTRIBUTION, ETC. | |
| Place of publication, distribution, etc. | Santafé de Bogotá, D.C. : |
| Name of publisher, distributor, etc. | Mc Graw-Hill ; |
| Date of publication, distribution, etc. | 1995 |
| 300 ## - PHYSICAL DESCRIPTION | |
| Extent | 376 p. : |
| Other physical details | tbl., graf. ; |
| Dimensions | 23 cm. |
| 505 0# - FORMATTED CONTENTS NOTE | |
| Formatted contents note | Generalidades sobre el presupuesto empresarial -- Metodología para la elaboración del presupuesto -- Planeación del marketing y presupuestos comerciales -- Planeamiento y presupuestos de la producción -- Planeamiento y presupuestación de los costos de producción y los gastos operacionales -- Presupuesto de efectivo (flujos de caja) -- Pronósticos financieros en proyectos de inversión. |
| 520 3# - SUMMARY, ETC. | |
| Summary, etc. | El texto cuenta con talleres, definición de términos, temas de reflexión, evaluación de lecturas y ejercicios para el desarrollo de habilidades al final a cada capitulo, facilitando y enriqueciendo la enseñanza. Como complemento a cada capitulo el libro presenta casos que permiten el desarrollo de habilidades generales sobre la elaboración del presupuesto en los diferentes niveles de la organización y de su respectivo control. |
| 650 10 - SUBJECT ADDED ENTRY--TOPICAL TERM | |
| Topical term or geographic name entry element | Presupuesto |
| 9 (RLIN) | 2542 |
| 650 20 - SUBJECT ADDED ENTRY--TOPICAL TERM | |
| Topical term or geographic name entry element | Flujos de caja |
| 9 (RLIN) | 2543 |
| 650 20 - SUBJECT ADDED ENTRY--TOPICAL TERM | |
| Topical term or geographic name entry element | Análisis de inversiones |
| 9 (RLIN) | 2266 |
| 650 20 - SUBJECT ADDED ENTRY--TOPICAL TERM | |
| Topical term or geographic name entry element | Marketing |
| 9 (RLIN) | 2546 |
| 700 1# - ADDED ENTRY--PERSONAL NAME | |
| 9 (RLIN) | 2547 |
| Personal name | Ortiz Gómez, Alberto |
| Relator term | autor |
| 942 ## - ADDED ENTRY ELEMENTS (KOHA) | |
| Koha item type | Libros |
| Source of classification or shelving scheme | Dewey Decimal Classification |
| Fecha de la última vez que lo usaron | Número de ingreso o de inventario | Pago total | Signatura topográfica completa | Código de barras | Precio efectivo desde | Tipo de documento | Estado perdido | Sistema de clasificación | Estado dañado | No es para préstamo | Retirado | Ubicación permanente | Ubicación actual | Fecha de adquisición |
|---|---|---|---|---|---|---|---|---|---|---|---|---|---|---|
| 15/05/2020 | 12873 | 658.154/B94 | BibLima24080027 | 15/05/2020 | Libros | Dewey Decimal Classification | Biblioteca Central Lima | Biblioteca Central Lima | 15/05/2020 |